Statistiken für Top 15 Länder mit Covid-19-Todesfällen - 4. August

Klicken Sie hier um das Quiz zu spielen!

Allgemein

  • Dieses Quiz wurde 8 mal gespielt
  • Das Durchschnittsergebnis liegt bei 16 aus 20

Antwortstatistiken

Land% Korrekt
Brasilien
100%
Chile
100%
Vereinigte Staaten
100%
Belgien
88%
Deutschland
88%
Frankreich
88%
Indien
88%
Italien
88%
Mexiko
88%
Niederlande
88%
Peru
88%
Russland
88%
Schweden
88%
Vereinigtes Königreich
88%
Iran
75%
Kolumbien
75%
Spanien
75%
Ecuador
63%
Irland
50%
Panama
13%

Verteilung der Resultate

Perzentil nach korrekt beantworteten Fragen

Anzahl Personen mit jedem Resultat

Ihre Resultats-Entwicklung

Sie haben dieses Quiz noch nicht gespielt